The heat and dust project : (Record no. 105030)

MARC details
000 -LEADER
fixed length control field 00586nam a22001817a 4500
005 - DATE AND TIME OF LATEST TRANSACTION
control field 20161207162107.0
010 ## - LCCN (DPL NO)
LC control number ENG-116770
020 ## - INTERNATIONAL STANDARD BOOK NUMBER
International Standard Book Number 9789351367499
Terms of availability 250.00
035 ## - SYSTEM CONTROL NUMBER
System control number EN-100302
037 ## - SOURCE OF ACQUISITION
Source of stock number/acquisition DBAD/PUB
082 ## - DEWEY DECIMAL CLASSIFICATION NUMBER
Classification number 915.404
100 ## - MAIN ENTRY--PERSONAL NAME
Personal name Roy,Devapriya
245 ## - TITLE STATEMENT
Title The heat and dust project :
Statement of responsibility, etc by Devapriya Roy [and] Saurav Jha
Remainder of title the broke couple's guide to Bharat /
260 ## - PUBLICATION, DISTRIBUTION, ETC. (IMPRINT)
Place of publication, distribution, etc Noida
Name of publisher, distributor, etc Harper Collins Publishers
Date of publication, distribution, etc 2015
270 ## - ADDRESS
Address A-75, Sector 57
City Noida (Uttar Pradesh)
Postal code 201301
300 ## - PHYSICAL DESCRIPTION
Extent x,282p.
Dimensions 21cm(pbk)
942 ## - ADDED ENTRY ELEMENTS (KOHA)
Source of classification or shelving scheme Dewey Decimal Classification
Item type English Books
Call number suffix ROY
Classification part 915.404
Holdings
Withdrawn status Lost status Not for loan Collection code Home library Current library Date acquired Source of acquisition Cost, normal purchase price Full call number Barcode Copy number Cost, replacement price Koha item type
    Not For Loan Non-fiction D.B.Act.Division Bawana 07/12/2016 DBAD/PUB 250.00 915.404 ROY EN-100302 1 250.00 English Books

© Delhi Public Library
Hit Counter
free hit counter